Применение трехмерного лазерного сканирования в архитектурно-декоративном освещении деревянного зодчества; Современные техника и технологии; Т. 3

Dettagli Bibliografici
Parent link:Современные техника и технологии: сборник трудов XX международной научно-практической конференции студентов, аспирантов и молодых ученых, Томск, 14-18 апреля 2014 г./ Национальный исследовательский Томский политехнический университет (ТПУ).— , 2014
Т. 3.— 2014.— [С. 243-244]
Autore principale: Кошанова А. К.
Ente Autore: Национальный исследовательский Томский политехнический университет (ТПУ) Институт физики высоких технологий (ИФВТ) Кафедра лазерной и световой техники (ЛиСТ)
Altri autori: Асабаева М. Н. (научный руководитель), Толкачёва К. П. Ксения Петровна
Riassunto:Заглавие с титульного экрана
Lingua:russo
Pubblicazione: 2014
Serie:Дизайн и технология художественной обработки материалов
Soggetti:
Accesso online:http://earchive.tpu.ru/handle/11683/20953
http://www.lib.tpu.ru/fulltext/c/2014/C01/V3/115.pdf
Natura: Elettronico Capitolo di libro
KOHA link:https://koha.lib.tpu.ru/cgi-bin/koha/opac-detail.pl?biblionumber=607330

MARC

LEADER 00000naa2a2200000 4500
001 607330
005 20231101132440.0
035 |a (RuTPU)RU\TPU\conf\4711 
035 |a RU\TPU\conf\4710 
090 |a 607330 
100 |a 20140708d2014 k y0rusy50 ca 
101 0 |a rus 
102 |a RU 
105 |a y z 101zy 
135 |a drcn ---uucaa 
181 0 |a i  
182 0 |a b 
200 1 |a Применение трехмерного лазерного сканирования в архитектурно-декоративном освещении деревянного зодчества  |f А. К. Кошанова, М. Н. Асабаева  |g науч. рук. К. П. Толкачёва 
203 |a Текст  |c электронный 
225 1 |a Дизайн и технология художественной обработки материалов 
230 |a 1 компьютерный файл (pdf; 588 Кb) 
300 |a Заглавие с титульного экрана 
320 |a [Библиогр.: с. 244 (1 назв.)] 
337 |a Adobe Reader 
461 1 |0 (RuTPU)RU\TPU\conf\3687  |t Современные техника и технологии  |o сборник трудов XX международной научно-практической конференции студентов, аспирантов и молодых ученых, Томск, 14-18 апреля 2014 г.  |o в 3 т.  |f Национальный исследовательский Томский политехнический университет (ТПУ)   |d 2014 
463 0 |0 (RuTPU)RU\TPU\conf\3691  |t Т. 3  |v [С. 243-244]  |d 2014 
610 1 |a труды учёных ТПУ 
610 1 |a электронный ресурс 
610 1 |a лазерное сканирование 
610 1 |a 3D 
610 1 |a архитектурно-декоративное освещение 
610 1 |a деревянное зодчество 
610 1 |a Томск 
700 1 |a Кошанова  |b А. К. 
701 1 |a Асабаева  |b М. Н. 
702 1 |a Толкачёва  |b К. П.  |c специалист в области светотехники  |c ассистент Томского политехнического университета  |f 1986-  |g Ксения Петровна  |2 stltpush  |4 727 
712 0 2 |a Национальный исследовательский Томский политехнический университет (ТПУ)  |b Институт физики высоких технологий (ИФВТ)  |b Кафедра лазерной и световой техники (ЛиСТ)  |h 65  |2 stltpush  |3 (RuTPU)RU\TPU\col\18690 
801 2 |a RU  |b 63413507  |c 20210315  |g RCR 
856 4 |u http://earchive.tpu.ru/handle/11683/20953 
856 4 |u http://www.lib.tpu.ru/fulltext/c/2014/C01/V3/115.pdf 
942 |c BK